How I Met Your Movie Character Quiz Stats

 Plays Quiz Updated Jun 6, 2016

Challenge
Share
Tweet
Embed
Score 0/20 Timer 08:00
0 Plays Today
% Correct
Forrest Gump (Forrest Gump)
94%
Belle (Beauty and the Beast)
89.2%
Cady Heron (Mean Girls)
88.6%
Hermione Granger (Harry Potter and the Sorcerer's Stone)
88.2%
Peter Parker (Spider-Man)
84.8%
James Bond (Dr. No)
84.5%
The Joker (The Dark Knight)
82.7%
Benny 'the Jet' Rodriguez (The Sandlot)
82.5%
Indiana Jones (Raiders of the Lost Ark)
78.9%
Mr. Chow (The Hangover)
74.7%
% Correct
Ace Ventura (Ace Ventura: Pet Detective)
74%
Dave Wooderson (Dazed and Confused)
72.8%
Mindy 'Hit-Girl' Macready (Kickass)
71.7%
Princess Leia (Star Wars: Episode IV - A New Hope)
71.5%
Sydney Prescott (Scream)
71.3%
Bryan Mills (Taken)
64.9%
John 'Jigsaw' Kramer (Saw)
61.5%
Jules Winfield (Pulp Fiction)
59.1%
Cameron Poe (Con Air)
56.9%
John McClane (Die Hard)
45.8%

You're not logged in!

Compare scores with friends on all Sporcle quizzes.
OR
Log In

You Might Also Like...

Show Comments

Extras

Top Quizzes Today


Score Distribution

Your Account Isn't Verified!

In order to create a playlist on Sporcle, you need to verify the email address you used during registration. Go to your Sporcle Settings to finish the process.

Report this User

Report this user for behavior that violates our Community Guidelines.

Details: